Decreto Ejecutivo n° 26827- Plan /
Salvato in:
| Ente Autore: | |
|---|---|
| Natura: | Libro |
| Lingua: | Spanish |
| Tags: |
Aggiungi Tag
Nessun Tag, puoi essere il primo ad aggiungerne!!
|
MARC
| LEADER | 00000nam a22000007a 4500 | ||
|---|---|---|---|
| 003 | cru CIDCACS/IIS | ||
| 005 | 20200925161124.0 | ||
| 007 | ta | ||
| 008 | 161012| cr ||||| |||| 00| 0 spa d | ||
| 040 | |c CRAI/IIS |a CRAI/IIS | ||
| 110 | 2 | |9 158 |a Sistema Nacional para el Desarrollo Sostenible, SINADES (Costa Rica) | |
| 245 | |a Decreto Ejecutivo n° 26827- Plan / |c SINADES | ||
| 300 | |a páginas 1-18 | ||
| 773 | 0 | |0 18594 |9 48 |a Costa Rica. |d Costa Rica : MIDEPLAN 1998? |o 16455 |t [Decretos ejecutivos] / | |
| 942 | |2 ddc |c LI | ||
| 999 | |c 18595 |d 18595 | ||
